Statistics / (Record no. 251405)
[ view plain ]
| 000 -LEADER | |
|---|---|
| fixed length control field | 01397cam a2200397 a 4500 |
| 001 - CONTROL NUMBER | |
| control field | 14969079 |
| 003 - CONTROL NUMBER IDENTIFIER | |
| control field | OSt |
| 005 - DATE AND TIME OF LATEST TRANSACTION | |
| control field | 20151119103356.0 |
| 007 - PHYSICAL DESCRIPTION FIXED FIELD--GENERAL INFORMATION | |
| fixed length control field | co |g||||||||| |
| 008 - FIXED-LENGTH DATA ELEMENTS--GENERAL INFORMATION | |
| fixed length control field | 070816s2009 njua b 001 0 eng |
| 010 ## - LIBRARY OF CONGRESS CONTROL NUMBER | |
| LC control number | 2007034146 |
| 015 ## - NATIONAL BIBLIOGRAPHY NUMBER | |
| National bibliography number | GBA943647 |
| Source | bnb |
| 016 7# - NATIONAL BIBLIOGRAPHIC AGENCY CONTROL NUMBER | |
| Record control number | 014533560 |
| Source | Uk |
| 020 ## - INTERNATIONAL STANDARD BOOK NUMBER | |
| International Standard Book Number | 9780132069519 (alk. paper) |
| International Standard Book Number | 0132069512 (alk. paper) |
| International Standard Book Number | 9780132363440 (pbk.) |
| International Standard Book Number | 0132363445 (pbk.) |
| International Standard Book Number | 9780136001829 (CDROM) |
| International Standard Book Number | 0136001823 (CDROM) |
| 035 ## - SYSTEM CONTROL NUMBER | |
| System control number | (OCoLC)ocn165958285 |
| 040 ## - CATALOGING SOURCE | |
| Original cataloging agency | DLC |
| Transcribing agency | DLC |
| Modifying agency | YDX |
| -- | BAKER |
| -- | BTCTA |
| -- | YDXCP |
| -- | UKM |
| -- | DLC |
| 050 00 - LIBRARY OF CONGRESS CALL NUMBER | |
| Classification number | QA276.12 |
| Item number | .M4 2009 |
| 082 00 - DEWEY DECIMAL CLASSIFICATION NUMBER | |
| Classification number | 519.5 |
| Edition number | 22 |
| 100 1# - MAIN ENTRY--PERSONAL NAME | |
| Personal name | McClave, James T. |
| 245 10 - TITLE STATEMENT | |
| Title | Statistics / |
| Statement of responsibility, etc | James T. McClave, Terry Sincich. |
| 250 ## - EDITION STATEMENT | |
| Edition statement | 11th ed. |
| 260 ## - PUBLICATION, DISTRIBUTION, ETC. (IMPRINT) | |
| Place of publication, distribution, etc | Upper Saddle River, N.J. : |
| Name of publisher, distributor, etc | Pearson Prentice Hall, |
| Date of publication, distribution, etc | c2009. |
| 300 ## - PHYSICAL DESCRIPTION | |
| Extent | xxii, 835 p. : |
| Other physical details | col. ill. ; |
| Dimensions | 29 cm. + |
| Accompanying material | 1 CD-ROM (4 3/4 in.) |
| 504 ## - BIBLIOGRAPHY, ETC. NOTE | |
| Bibliography, etc | Includes bibliographical references and index. |
| 650 #0 - SUBJECT ADDED ENTRY--TOPICAL TERM | |
| Topical term or geographic name as entry element | Statistics. |
| 700 1# - ADDED ENTRY--PERSONAL NAME | |
| Personal name | Sincich, Terry. |
| 856 41 - ELECTRONIC LOCATION AND ACCESS | |
| Materials specified | Table of contents only |
| Uniform Resource Identifier | <a href="http://www.loc.gov/catdir/toc/ecip0725/2007034146.html">http://www.loc.gov/catdir/toc/ecip0725/2007034146.html</a> |
| 906 ## - LOCAL DATA ELEMENT F, LDF (RLIN) | |
| a | 7 |
| b | cbc |
| c | orignew |
| d | 1 |
| e | ecip |
| f | 20 |
| g | y-gencatlg |
| 942 ## - ADDED ENTRY ELEMENTS (KOHA) | |
| Source of classification or shelving scheme | Library of Congress Classification |
| Koha item type | Long Loan Books |
| Withdrawn status | Lost status | Source of classification or shelving scheme | Damaged status | Not for loan | Collection code | Home library | Current library | Shelving location | Date acquired | Total Checkouts | Full call number | Barcode | Date last seen | Date checked out | Price effective from | Koha item type | Checked out | Total Renewals |
|---|---|---|---|---|---|---|---|---|---|---|---|---|---|---|---|---|---|---|
| Library of Congress Classification | Non-fiction | Rongo University Library | Rongo University Library | General Stacks | 19/11/2015 | 6 | QA276.12 .M4 2009 | 20154795 | 24/10/2018 | 05/10/2018 | 19/11/2015 | Long Loan Books | ||||||
| Library of Congress Classification | Non-fiction | Rongo University Library | Rongo University Library | General Stacks | 10/02/2016 | QA276.12 .M4 2009 | 10/02/2016 | 10/02/2016 | Long Loan Books | |||||||||
| Library of Congress Classification | Non-fiction | Rongo University Library | Rongo University Library | General Stacks | 29/03/2016 | 8 | QA276.12 .M4 2009 | 201611064 | 02/12/2019 | 26/11/2019 | 29/03/2016 | Long Loan Books | ||||||
| Library of Congress Classification | Non-fiction | Rongo University Library | Rongo University Library | General Stacks | 16/02/2017 | QA276.12 .M4 2009 | 201617209 | 16/02/2017 | 16/02/2017 | Long Loan Books | ||||||||
| Library of Congress Classification | Non-fiction | Rongo University Library | Rongo University Library | General Stacks | 20/02/2017 | QA276.12 .M4 2009 | 201616548-X | 20/02/2017 | 20/02/2017 | Long Loan Books | ||||||||
| Library of Congress Classification | Non-fiction | Rongo University Library | Rongo University Library | General Stacks | 23/02/2017 | 2 | QA276.12 .M4 2009 | 201616712 | 18/02/2025 | 04/02/2025 | 23/02/2017 | Long Loan Books | ||||||
| Library of Congress Classification | Non-fiction | Rongo University Library | Rongo University Library | General Stacks | 27/02/2017 | QA276.12 .M4 2009 | 201614844 | 27/02/2017 | 27/02/2017 | Long Loan Books | ||||||||
| Library of Congress Classification | Non-fiction | Rongo University Library | Rongo University Library | General Stacks | 27/02/2017 | QA276.12 .M4 2009 | 201614839 | 27/02/2017 | 27/02/2017 | Long Loan Books | ||||||||
| Library of Congress Classification | Non-fiction | Rongo University Library | Rongo University Library | General Stacks | 27/02/2017 | QA276.12 .M4 2009 | 201614842 | 27/02/2017 | 27/02/2017 | Long Loan Books | ||||||||
| Library of Congress Classification | Non-fiction | Rongo University Library | Rongo University Library | General Stacks | 27/02/2017 | 2 | QA276.12 .M4 2009 | 201616092 | 17/04/2026 | 17/04/2026 | 27/02/2017 | Long Loan Books | 01/05/2026 | |||||
| Library of Congress Classification | Non-fiction | Rongo University Library | Rongo University Library | General Stacks | 16/10/2017 | 2 | QA276.12 .M4 2009 | 201612078 | 11/10/2018 | 04/10/2018 | 16/10/2017 | Long Loan Books | ||||||
| Library of Congress Classification | Non-fiction | Rongo University Library | Rongo University Library | General Stacks | 16/10/2017 | QA276.12 .M4 2009 | 20155222 | 16/10/2017 | 16/10/2017 | Long Loan Books | ||||||||
| Library of Congress Classification | Non-fiction | Rongo University Library | Rongo University Library | General Stacks | 17/01/2018 | 10 | QA276.12 .M4 2009 | 201700791 | 20/02/2024 | 06/02/2024 | 17/01/2018 | Long Loan Books | 1 | |||||
| Library of Congress Classification | Non-fiction | Rongo University Library | Rongo University Library | General Stacks | 13/07/2018 | 7 | QA276.12 .M4 2009 | 201801140 | 28/11/2019 | 21/11/2019 | 13/07/2018 | Long Loan Books | ||||||
| Library of Congress Classification | Non-fiction | Rongo University Library | Rongo University Library | General Stacks | 03/04/2019 | 1 | QA276.12 .M4 2009 | 20155231 | 12/11/2024 | 28/10/2024 | 03/04/2019 | Long Loan Books | ||||||
| Library of Congress Classification | Non-fiction | Rongo University Library | Rongo University Library | General Stacks | 04/02/2020 | 1 | QA 276.12.M4 2004 | 201616800 | 18/02/2020 | 04/02/2020 | 04/02/2020 | Long Loan Books | ||||||
| Library of Congress Classification | Non-fiction | Rongo University Library | Rongo University Library | General Stacks | 13/02/2020 | 1 | QA276.12 .M4 2009 | 20155228 | 17/04/2023 | 04/04/2023 | 13/02/2020 | Long Loan Books | ||||||
| Library of Congress Classification | Non-fiction | Rongo University Library | Rongo University Library | General Stacks | 13/02/2020 | QA276.12 .M4 2009 | 201700881 | 13/02/2020 | 13/02/2020 | Long Loan Books | ||||||||
| Library of Congress Classification | Non-fiction | Rongo University Library | Rongo University Library | General Stacks | 09/06/2020 | QA276.12 .M4 2009 | 20155232 | 09/06/2020 | 09/06/2020 | Long Loan Books | ||||||||
| Library of Congress Classification | Rongo University Library | Rongo University Library | 22/06/2020 | QA276.12 .M4 2009 | 20155229 | 22/06/2020 | 22/06/2020 | Long Loan Books | ||||||||||
| Library of Congress Classification | Non-fiction | Rongo University Library | Rongo University Library | General Stacks | 03/08/2020 | QA276.12 .M4 2009 | 201902029 | 20/03/2021 | 03/08/2020 | Long Loan Books |
